L’Avare : la tirade d’Harpagon - Statistiques

Statistiques générales
  • Ce quiz a été pris 114 fois
    99 depuis la dernière actualisation
  • Le résultat moyen est 11 sur 18
Statistiques - réponses
Question Réponse % Correct
Au voleur ! Au voleur ! À l’assassin ! Au meurtrier ! Justice, juste ciel ! Je suis perdu, je suis assassiné, on... M’a coupé la gorge,
100%
C’en est fait, je n’en puis plus ; je me meurs, je suis mort, je... Suis enterré.
89%
Ah ! C’est moi. Mon esprit est troublé, et j’ignore où je suis, qui je suis, et... Ce que je fais.
81%
Tout est fini pour moi, et je n’ai plus que faire au monde : sans toi, il m’est impossible de... Vivre.
81%
J’ai perdu mon support, ma consolation, ma ... Joie ;
73%
Où courir ? Où ne pas courir ? N’est-il point là ? N’est-il point ici ? Qui est-ce ? Arrête. Rends-moi mon argent, ... Coquin...
70%
Vous verrez qu’ils ont part sans doute au vol que l’on m’a fait. Allons vite, des commissaires, des archers, des prévôts, des juges,... Des gênes, des potences et des bourreaux.
70%
Est-ce mon voleur qui y est ? De grâce, si l’on sait des nouvelles de... Mon voleur,
70%
Je supplie que l’on m’en dise. N’est-il point caché là parmi vous ? Ils me regardent tous, et ... Se mettent à rire.
70%
Et tout me semble mon voleur. Eh ! De quoi est-ce qu’on parle là ? De celui qui m’a dérobé ? Quel... Bruit fait-on là-haut ?
68%
Que de gens assemblés ! Je ne jette mes regards sur personne qui ne me donne... Des soupçons,
68%
Je veux faire pendre tout le monde ; et si je ne retrouve mon argent, ... Je me pendrai moi-même après.
62%
Et l’on a choisi justement le temps que je parlais à mon traître de fils. Sortons. Je veux aller... Quérir la justice,
54%
N’y a-t-il personne qui veuille me ressusciter, en me rendant mon cher argent, ou en m’apprenant qui l’a pris ? Euh ? Que dites-vous ?... Ce n’est personne.
46%
Hélas ! Mon pauvre argent, mon pauvre argent, mon cher ami ! On m’a privé de toi ; et puisque tu... M’es enlevé,
38%
Et faire donner la question à toute la maison : à servantes, à valets, à fils, à fille, et... À moi aussi.
35%
Il faut, qui que ce soit qui ait fait le coup, qu’avec beaucoup de soin on ait... Épié l’heure ;
35%
On m’a dérobé mon argent. Qui peut-ce être ? Qu’est-il devenu ? Où est-il ? Où se cache-t-il ? Que ferai-je pour... Le trouver ?
22%
Aucun quiz correspondant
Distribution des résultats
% des personnes avec chaque résultat
Percentile par nombre de réponses
Votre historique - résultats
Vous n’avez pas pris ce quiz depuis la dernière actualisation